| 000 | 00727nam a2200205 i 4500 | ||
|---|---|---|---|
| 001 | 151971 | ||
| 003 | ES-MaACL | ||
| 005 | 20250730063134.0 | ||
| 008 | 920727s1872 fr |||| | fre d | ||
| 040 |
_aCAT _bspa _cCAT _dCCPB |
||
| 080 | 4 | _a612 | |
| 100 | 1 |
_aBernard, Claude, _d1813-1878 _928231 |
|
| 245 | 1 | 0 |
_aDe la physiologie générale / _cpar Claude Bernard. |
| 260 |
_aParis : _bLibrairie Hachette et Cie, _c1872. |
||
| 300 |
_aVI, 339 p. ; _c22 cm. |
||
| 595 | 1 | _aAnteriormente publicado con el título: Rapport sur les progrès et la marche de la physiologie générale en France, 1867 (OCLC) | |
| 650 | 4 |
_aFisiología. _9136120 |
|
| 852 |
_aES-MaACL _jB-575 _z-- Enc. hol. |
||
| 999 |
_c151971 _d151971 |
||